ග්රාමිය ප්රජා නායිකාවන්ට අත්වැලක් (Record no. 4512)
[ view plain ]
| 000 -LEADER | |
|---|---|
| fixed length control field | 00709nam a2200181 4500 |
| 003 - CONTROL NUMBER IDENTIFIER | |
| control field | LK-CoMWRAF |
| 005 - DATE AND TIME OF LATEST TRANSACTION | |
| control field | 20231217214401.0 |
| 008 - FIXED-LENGTH DATA ELEMENTS--GENERAL INFORMATION | |
| fixed length control field | 231217b |||||||| |||| 00| 0 eng d |
| 040 ## - CATALOGING SOURCE | |
| Original cataloging agency | LK-CoMWRAF |
| Modifying agency | LK-CoMWRAF |
| Description conventions | LK-CoMWRAF |
| 041 ## - LANGUAGE CODE | |
| Language code of text/sound track or separate title | Sinhala; Sinhalese |
| 082 ## - DEWEY DECIMAL CLASSIFICATION NUMBER | |
| Classification number | 307 |
| Item number | RAT |
| 942 ## - ADDED ENTRY ELEMENTS (KOHA) | |
| Koha item type | Books |
| 100 ## - MAIN ENTRY--PERSONAL NAME | |
| Personal name | රත්නායක, පද්මා |
| 700 ## - ADDED ENTRY--PERSONAL NAME | |
| Personal name | මැද්දවත්ත, ප්රියදර්ශන |
| Relator Term | illustrator |
| 245 ## - TITLE STATEMENT | |
| Title | ග්රාමිය ප්රජා නායිකාවන්ට අත්වැලක් |
| 246 ## - VARYING FORM OF TITLE | |
| Title proper/short title | Gramiya praja nayikawanta athwalak |
| 260 ## - PUBLICATION, DISTRIBUTION, ETC. (IMPRINT) | |
| Place of publication, distribution, etc. | කොළඹ : |
| Name of publisher, distributor, etc. | දකුණු ආසියානු සහයෝගිත සංවිධානය, |
| Date of publication, distribution, etc. | 1998 |
| Withdrawn status | Lost status | Damaged status | Not for loan | Permanent Location | Current Location | Date acquired | Full call number | Barcode | Koha item type |
|---|---|---|---|---|---|---|---|---|---|
| Resource center, Muslim Women's Research And Action Forum | Resource center, Muslim Women's Research And Action Forum | 2023-12-17 | 307 RAT | RAF583 | Books |

